Los evangelios apocrifos : (Registro nro. 43458)

Detalles MARC
000 -LEADER
fixed length control field 01198nam a2200313 4500
001 - CONTROL NUMBER
control field 0000018314
003 - CONTROL NUMBER IDENTIFIER
control field CO-CtgCURN
005 - DATE AND TIME OF LATEST TRANSACTION
control field 20250429224758.0
007 - PHYSICAL DESCRIPTION FIXED FIELD--GENERAL INFORMATION
fixed length control field ta
008 - FIXED-LENGTH DATA ELEMENTS--GENERAL INFORMATION
fixed length control field 160627s2001 000 0 eng d
020 ## - INTERNATIONAL STANDARD BOOK NUMBER
International Standard Book Number 958281215X
040 ## - CATALOGING SOURCE
Original cataloging agency CO-CtgCURN
Language of cataloging spa
Transcribing agency coctgcurn
082 0# - DEWEY DECIMAL CLASSIFICATION NUMBER
Classification number 229.8
Item number C73e
100 1# - MAIN ENTRY--PERSONAL NAME
Personal name Crepon, Pierre.
245 14 - TITLE STATEMENT
Title Los evangelios apocrifos :
Remainder of title cronica oculta del Nuevo Testamento /
Statement of responsibility, etc. textos escogidos y presentados por Pierre Crepon , traducción de M. García Viño.
260 ## - PUBLICATION, DISTRIBUTION, ETC.
Place of publication, distribution, etc. Madrid :
Name of publisher, distributor, etc. Edaf,
Date of publication, distribution, etc. 2001.
300 ## - PHYSICAL DESCRIPTION
Extent 222 p.
336 ## - CONTENT TYPE
Source rdacontent
337 ## - MEDIA TYPE
Source rdamedia
Media type term sin mediacion
Media type code n
338 ## - CARRIER TYPE
Source rdacarrier
Carrier type term volumen
Carrier type code nc
490 1# - SERIES STATEMENT
Series statement Jesus de Nazaret. Biblioteca
500 ## - GENERAL NOTE
General note Titulo original. Les evangiles apocryphes, Incluye anexos.
505 8# - FORMATTED CONTENTS NOTE
Formatted contents note Los evangelios de la infancia y el ciclo de los padres de jesus.--Los evangelios de la pasion.--Los evangelios gnosticos.--El evangelio de nicodeno.--El evangelio de verdad
650 14 - SUBJECT ADDED ENTRY--TOPICAL TERM
Topical term or geographic name entry element Libros apocrifos.
700 1# - ADDED ENTRY--PERSONAL NAME
Personal name García Viño, Manue,
Relator term Traductor.
908 ## - PUT COMMAND PARAMETER (RLIN)
Put command parameter 160627
942 ## - ADDED ENTRY ELEMENTS (KOHA)
Koha item type Libros
Classification part 229.8
Item part C73e
Source of classification or shelving scheme Dewey Decimal Classification

No hay ítems disponibles.